Statistics for Dead Desperate Housewives Characters Quiz

Click here to take the quiz!

General Stats

  • This quiz has been taken 785 times
    (773 since last reset)
  • The average score is 12 of 55

Answer Stats

Answer% Correct
Mary Alice Young
82%
Edie Britt
72%
Juanita Solis
68%
Mike Delfino
66%
Karl Mayer
64%
Martha Huber
60%
Rex Van de Kamp
59%
Victor Lang
39%
George Williams
37%
Ida Greenberg
34%
Alma Hodge
32%
Alejandro Perez
30%
Beth Young
29%
Patrick Scavo
28%
Felicia Tilman
26%
Lila Dash
26%
Paige Dash
26%
Chuck Vance
24%
Matthew Applewhite
24%
Melanie Foster
22%
Patrick Logan
21%
Noah Taylor
18%
Mona Clarke
17%
Monique Polier
16%
Dylan Davis
15%
Nora Huntington
15%
Wayne Davis
15%
Carolyn Bigsby
14%
Deirdre Taylor
14%
Jane Hainsworth
14%
Eli Scruggs
11%
Lillian Simms
10%
Barbara Orlofsky
8%
Edwin Hodge
8%
Gilbert McCluskey
8%
Bradley Scott
7%
Emily Portsmith
7%
Irina Korsakov
7%
Mrs Mason
7%
Samuel Heller
7%
Sylvia Greene
7%
Curtis Monroe
6%
Daphne Bicks
6%
Ellie Leonard
6%
Glen Wingfield
6%
Ilene Britt
6%
Ralph
6%
Rebecca Shepherd
6%
Al Kaminsky
5%
Jeff Bicks
5%
Ramona
5%
Frank Kaminsky
4%
Iris Beckley
4%
Dick Barrows
3%
Teresa Pruitt
3%

Score Distribution

Percentile by Number Answered

Percent of People with Each Score

Your Score History

You have not taken this quiz since the last reset